Organoboranes for syntheses
Bewaard in:
| Hoofdauteur: | |
|---|---|
| Formaat: | Boek |
| Taal: | Undetermined |
| Gepubliceerd in: |
Washington, DC
American Chemical Society
2001
|
| Onderwerpen: | |
| Tags: |
Voeg label toe
Geen labels, Wees de eerste die dit record labelt!
|
| Thư viện lưu trữ: | Trung tâm Học liệu Trường Đại học Cần Thơ |
|---|
| LEADER | 00591nam a2200205Ia 4500 | ||
|---|---|---|---|
| 001 | CTU_65559 | ||
| 008 | 210402s9999 xx 000 0 und d | ||
| 020 | |c 1840000 | ||
| 082 | |a 547.05 | ||
| 082 | |b R165 | ||
| 100 | |a Ramachandran, P V | ||
| 245 | 0 | |a Organoboranes for syntheses | |
| 245 | 0 | |c P V Ramachandran, Herbert C. Brown | |
| 260 | |a Washington, DC | ||
| 260 | |b American Chemical Society | ||
| 260 | |c 2001 | ||
| 650 | |a Inorganic compounds,Organic compounds | ||
| 650 | |x Synthesis,Synthesis | ||
| 904 | |i TUYẾN | ||
| 980 | |a Trung tâm Học liệu Trường Đại học Cần Thơ | ||